<?xml version="1.0" encoding="UTF-8"?>
<marc:record xmlns:marc="http://www.loc.gov/MARC21/slim">
   <marc:leader>00000nam a2200000 a 4500</marc:leader>
   <marc:datafield ind1="1" ind2=" " tag="100">
      <marc:subfield code="a">Lohmann, Eva</marc:subfield>
      <marc:subfield code="4">aut</marc:subfield>
      <marc:subfield code="e">Verfasser/-in</marc:subfield>
   </marc:datafield>
   <marc:datafield ind1=" " ind2=" " tag="653">
      <marc:subfield code="a">Ehebruch</marc:subfield>
   </marc:datafield>
   <marc:datafield ind1=" " ind2=" " tag="653">
      <marc:subfield code="a">Eheroman</marc:subfield>
   </marc:datafield>
   <marc:datafield ind1=" " ind2=" " tag="653">
      <marc:subfield code="a">Ehe</marc:subfield>
   </marc:datafield>
   <marc:datafield ind1="0" ind2="0" tag="245">
      <marc:subfield code="a">Das leise Platzen unserer Träume</marc:subfield>
   </marc:datafield>
   <marc:datafield ind1="0" ind2="0" tag="245">
      <marc:subfield code="b">Roman</marc:subfield>
   </marc:datafield>
   <marc:datafield ind1="0" ind2="0" tag="245">
      <marc:subfield code="c">Eva Lohmann</marc:subfield>
   </marc:datafield>
   <marc:datafield ind1=" " ind2="1" tag="264">
      <marc:subfield code="a">München</marc:subfield>
      <marc:subfield code="b">Eisele</marc:subfield>
      <marc:subfield code="c">2023</marc:subfield>
   </marc:datafield>
   <marc:datafield ind1="1" ind2=" " tag="520">
      <marc:subfield code="a">Ein Haus auf dem Land. Das hast du dir immer gewünscht, Jule. Dazu ein wilder Garten, durch den eure Kinder rennen. So hat du dir das Glück vorgestellt. Doch die Kinder sind nie gekommen. Und dein Mann hat jetzt eine Affäre in der Stadt. Ihr Name ist Hellen, und Hellen denkt viel an dich. Vielleicht ein bisschen zu viel. Sie fragt sich, warum du und dein Mann noch immer zusammen seid. Wie zwei Menschen es so lange miteinander aushalten können, wenn ihre gemeinsamen Träume doch längst geplatzt sind. Aber von alldem hast du keine Ahnung, Jule. Du weißt nicht von Hellen und nicht von ihren Fragen. Noch nicht. Noch sitzt du da, in deinem hübschen Garten, und überlegst, ob das, was du hast, vielleicht doch reichen könnte, um glücklich zu sein. (Verlagstext)</marc:subfield>
   </marc:datafield>
   <marc:datafield ind1=" " ind2=" " tag="020">
      <marc:subfield code="a">9783961611720</marc:subfield>
      <marc:subfield code="9">9783961611720</marc:subfield>
   </marc:datafield>
   <marc:datafield ind1=" " ind2=" " tag="020">
      <marc:subfield code="a">3961611726</marc:subfield>
      <marc:subfield code="9">3961611726</marc:subfield>
   </marc:datafield>
   <marc:datafield ind1=" " ind2=" " tag="300">
      <marc:subfield code="a">219 S.</marc:subfield>
   </marc:datafield>
</marc:record>
